000
00327 a2200157 4500
001
69234
020
_a
8532255809
040
_c
Anchieta - Itaigara
240
1
0
_a
O boi-de-mamão
_l
por
245
1
0
_a
O boi-de-mamão
300
_a
38
362
0
_a
2005
440
1
_a
FTD
650
4
_a
Literatura infanto-juvenil
942
_c
BK
999
_c
69234
_d
69234